00269nam a22000977a 4500999001700000082000800017100001900025245002200044942000700066952009800073 c65152d65149 a297 aArthur jeffery aA reader on islam cBK 001040708REFaREFbREFd2019-07-09l0o297 (Shelf - 18B)pR7059r2019-07-09 00:00:00yBK